Využitie centrálnej limitnej vety pri výpočte poistného v životnom poistení.

Existuje viacero metód výpočtu poistného v životnom poistení. Niektoré sú využívané pre svoju jednoduchosť, ako napríklad metóda súčasnej hodnoty a iné zase pre svoju komplexnosť. Výpočet poistného pomocou centrálnej limitnej vety pri spojitých poisteniach, hlavne spojitých dôchodkoch.

Enregistré dans:
Détails bibliographiques
Auteur principal: Smažáková, Lenka, 1991-
Format: Chapitre de livre
Langue:slovaque
Sujets:
Tags: Ajouter un tag
Pas de tags, Soyez le premier à ajouter un tag!

MARC

LEADER 00000nla a2200000 4500
001 0243770
005 20240502073941.7
041 0 |a slo 
044 |a SK 
245 1 0 |a Využitie centrálnej limitnej vety pri výpočte poistného v životnom poistení.  |c Lenka Smažáková 
520 |a Existuje viacero metód výpočtu poistného v životnom poistení. Niektoré sú využívané pre svoju jednoduchosť, ako napríklad metóda súčasnej hodnoty a iné zase pre svoju komplexnosť. Výpočet poistného pomocou centrálnej limitnej vety pri spojitých poisteniach, hlavne spojitých dôchodkoch. 
610 2 0 |a poistenie dôchodkové 
610 2 0 |a matematika poistná 
610 2 0 |a poistenie životné 
100 1 |a Smažáková, Lenka, 1991-